Reflexiones para la modernización del Estado
ISBN:
84-87366-12-0
Descripción Física:
140 p. ; 25 cm
Materias:
Administració pública -- Espanya
MARC
| LEADER | 00000nam a2200000Ia 4500 | ||
|---|---|---|---|
| 001 | 18749 | ||
| 008 | 160829s1990 xx 000 0 cat d | ||
| 020 | |a 84-87366-12-0 | ||
| 080 | |a M-5-379 | ||
| 245 | |a Reflexiones para la modernización del Estado | ||
| 260 | |a Madrid : |b Ministerio para las Administraciones Públicas, |c 1990 | ||
| 300 | |a 140 p. ; |c 25 cm | ||
| 650 | 0 | |a Administració pública |z Espanya |9 19075 | |
| 710 | |a Espanya. |b Ministerio para las Administraciones Públicas |9 69872 | ||
| 901 | |a Arxiu | ||
| 942 | |n 1 | ||
| 952 | |0 0 |1 0 |4 0 |6 M5379 |7 1 |9 52065 |a Arxiu |b Arxiu |d 2016-12-01 |l 0 |o M-5-379 |p 18749 |r 2016-12-01 00:00:00 |w 2016-12-01 |y ARXIU | ||
| 999 | |c 55913 |d 55913 | ||